00585nam a2200169Ia 4500008004100000020001800041041000800059082000800067100002400075245005000099260004000149300000900189500000700198650002900205999001700234952016400251220803s9999 xx 000 0 und d a9783836555982 aeng a720 aGossel P Ed.926953 aArchitectural Monograph : Frank Lloyd Wright. aNew YorkbTaschen-- New York.c2015 a504p a30 aMaster Architects926954 c17160d17160 001040738Book of B ArchaBNCAbBNCAcKd2019-12-03eWord Book Shopg5191.25o720.95 GOSpBNCA-BK-11265r2022-08-03 00:00:00v5221.25w2019-11-28yRFzB11265